[Event "U12 Polish Youth Championship"]
[Site "chess24.com"]
[Date "2018.04.30"]
[Round "2"]
[White "Kejna, Piotr"]
[Black "Katny, Samuel"]
[Result "1-0"]
[Board "24"]
[WhiteElo "1483"]
[WhiteTitle "CM"]
[WhiteCountry "POL"]
[WhiteFideId "21821704"]
[WhiteEloChange "6"]
[BlackElo "1343"]
[BlackCountry "POL"]
[BlackFideId "21846693"]
[BlackEloChange "-6"]

1. e4 {[%clk 1:30:50]} e5 {[%clk 1:30:27]} 2. Nf3 {[%clk 1:31:12]} Nc6 {[%clk
1:30:38]} 3. Bc4 {[%clk 1:31:37]} Bc5 {[%clk 1:30:22]} 4. c3 {[%clk 1:32:02]} d6
{[%clk 1:30:20]} 5. O-O {[%clk 1:31:51]} Bg4 {[%clk 1:30:24]} 6. d4 {[%clk
1:31:58]} exd4 {[%clk 1:30:15]} 7. Bxf7+ {[%clk 1:32:16]} Kxf7 {[%clk 1:29:06]}
8. Qb3+ {[%clk 1:28:23]} Ke8 {[%clk 1:24:41]} 9. Ng5 {[%clk 1:28:13]} Qd7 {[%clk
1:22:46]} 10. Qxb7 {[%clk 1:21:25]} Rb8 {[%clk 1:21:29]} 11. Qa6 {[%clk 1:21:27]}
h6 {[%clk 1:21:09]} 12. Nh3 {[%clk 1:16:57]} Bxh3 {[%clk 1:17:15]} 13. gxh3
{[%clk 1:17:16]} Rb6 {[%clk 1:17:16]} 14. Qd3 {[%clk 1:16:56]} Ne5 {[%clk
1:17:20]} 15. Qg3 {[%clk 1:16:43]} Nf6 {[%clk 1:16:51]} 16. b4 {[%clk 1:16:21]}
Nxe4 {[%clk 1:14:45]} 17. Qg2 {[%clk 1:16:29]} Nxc3 {[%clk 1:14:08]} 18. Nxc3
{[%clk 1:16:23]} Bxb4 {[%clk 1:13:51]} 19. Nd5 {[%clk 1:15:41]} Rb5 {[%clk
1:13:18]} 20. Rb1 {[%clk 1:15:06]} Ba5 {[%clk 1:07:52]} 21. Rxb5 {[%clk 1:11:27]}
Qxb5 {[%clk 1:08:10]} 22. f4 {[%clk 1:05:58]} Nf7 {[%clk 1:06:01]} 23. Qe4+
{[%clk 1:03:03]} Kf8 {[%clk 1:04:49]} 24. Qe7+ {[%clk 1:00:55]} Kg8 {[%clk
1:05:05]} 25. Qe6 {[%clk 0:59:57]} Kf8 {[%clk 1:02:31]} 26. Ne7 {[%clk 0:59:19]}
d3 {[%clk 0:52:21]} 27. Ng6+ {[%clk 0:56:02]} Kg8 {[%clk 0:52:30]} 28. Nxh8
{[%clk 0:47:21]} Bb6+ {[%clk 0:49:00]} 29. Kg2 {[%clk 0:47:14]} Qc6+ {[%clk
0:47:10]} 30. Kg3 {[%clk 0:45:55]} Kxh8 {[%clk 0:45:02]} 31. Qxf7 {[%clk
0:45:43]} Qc3 {[%clk 0:44:53]} 32. Qb3 {[%clk 0:39:27]} Qd4 {[%clk 0:42:11]} 33.
Qd1 {[%clk 0:35:33]} Qe4 {[%clk 0:40:43]} 34. Qf3 {[%clk 0:31:29]} Qg6+ {[%clk
0:40:28]} 35. Qg4 {[%clk 0:31:19]} Qe4 {[%clk 0:40:15]} 36. f5 {[%clk 0:24:07]}
Qe5+ {[%clk 0:38:32]} 37. Qf4 {[%clk 0:23:45]} Qc3 {[%clk 0:38:45]} 38. Bd2
{[%clk 0:23:51]} Qc2 {[%clk 0:38:35]} 39. f6 {[%clk 0:23:31]} g5 {[%clk 0:38:15]}
40. Qe4 {[%clk 0:22:21]} Qxa2 {[%clk 0:36:19]} 41. Qe8+ {[%clk 0:22:32]} Kh7
{[%clk 0:36:48]} 42. Qd7+ {[%clk 0:22:16]} Kg6 {[%clk 0:36:57]} 43. Qf5+ {[%clk
0:22:31]} Kf7 {[%clk 0:34:05]} 44. Qh7+ {[%clk 0:22:52]} Ke6 {[%clk 0:34:17]} 45.
Qg8+ {[%clk 0:23:18]} Kd7 {[%clk 0:33:49]} 46. Qxa2 {[%clk 0:23:43]} c5 {[%clk
0:33:59]} 47. f7 {[%clk 0:23:58]} Kc6 {[%clk 0:34:00]} 48. f8Q {[%clk 0:24:23]}
h5 {[%clk 0:34:11]} 49. Qc8+ {[%clk 0:24:40]} Bc7 {[%clk 0:34:27]} 50. Qa4+
{[%clk 0:24:56]} Kd5 {[%clk 0:34:31]} 51. Qf5# {[%clk 0:25:19]} 1-0

[Event "U12 Polish Youth Championship"]
[Site "chess24.com"]
[Date "2018.04.30"]
[Round "2"]
[White "Pancewicz, Szymon"]
[Black "Doskocz, Karol"]
[Result "1-0"]
[Board "25"]
[WhiteElo "1337"]
[WhiteCountry "POL"]
[WhiteFideId "21852995"]
[WhiteEloChange "14"]
[BlackElo "1467"]
[BlackCountry "POL"]
[BlackFideId "21835802"]
[BlackEloChange "-14"]

1. e4 {[%clk 1:30:43]} c5 {[%clk 1:30:51]} 2. Nf3 {[%clk 1:31:09]} e6 {[%clk
1:30:52]} 3. d4 {[%clk 1:31:35]} cxd4 {[%clk 1:31:13]} 4. Nxd4 {[%clk 1:32:01]}
a6 {[%clk 1:30:48]} 5. c4 {[%clk 1:32:22]} Qc7 {[%clk 1:29:23]} 6. Be2 {[%clk
1:31:53]} Nf6 {[%clk 1:29:06]} 7. Nc3 {[%clk 1:31:51]} Be7 {[%clk 1:26:48]} 8.
O-O {[%clk 1:27:55]} O-O {[%clk 1:25:34]} 9. Be3 {[%clk 1:26:33]} Nc6 {[%clk
1:25:33]} 10. f4 {[%clk 1:24:53]} d6 {[%clk 1:23:20]} 11. Rc1 {[%clk 1:12:33]}
Bd7 {[%clk 1:14:26]} 12. a3 {[%clk 1:02:14]} Rac8 {[%clk 1:09:55]} 13. b4 {[%clk
0:56:27]} Qb8 {[%clk 1:07:26]} 14. b5 {[%clk 0:49:42]} Nxd4 {[%clk 1:06:52]} 15.
Bxd4 {[%clk 0:49:56]} axb5 {[%clk 1:06:08]} 16. cxb5 {[%clk 0:50:19]} e5 {[%clk
0:58:52]} 17. Be3 {[%clk 0:47:54]} Be6 {[%clk 0:57:53]} 18. f5 {[%clk 0:47:11]}
Bc4 {[%clk 0:57:28]} 19. a4 {[%clk 0:46:54]} b6 {[%clk 0:52:41]} 20. Bxc4 {[%clk
0:42:17]} Rxc4 {[%clk 0:52:19]} 21. Nd5 {[%clk 0:42:16]} Nxd5 {[%clk 0:48:58]}
22. Qxd5 {[%clk 0:42:21]} Rxc1 {[%clk 0:45:35]} 23. Rxc1 {[%clk 0:42:39]} Rc8
{[%clk 0:39:09]} 24. Rc6 {[%clk 0:41:35]} h6 {[%clk 0:26:15]} 25. Bxb6 {[%clk
0:37:58]} Bd8 {[%clk 0:17:54]} 26. Bxd8 {[%clk 0:32:40]} Rxd8 {[%clk 0:17:59]}
27. b6 {[%clk 0:31:43]} Rd7 {[%clk 0:16:06]} 28. a5 {[%clk 0:30:15]} Kf8 {[%clk
0:15:33]} 29. a6 {[%clk 0:29:16]} Ke7 {[%clk 0:15:06]} 30. a7 {[%clk 0:28:23]}
Rxa7 {[%clk 0:14:11]} 31. bxa7 {[%clk 0:28:36]} Qxa7+ {[%clk 0:13:46]} 32. Kf1
{[%clk 0:28:57]} Qa1+ {[%clk 0:13:58]} 33. Ke2 {[%clk 0:29:16]} Qb2+ {[%clk
0:14:01]} 34. Kf3 {[%clk 0:28:18]} Qa3+ {[%clk 0:12:33]} 35. Kg4 {[%clk 0:28:32]}
h5+ {[%clk 0:12:32]} 36. Kh4 {[%clk 0:28:07]} Qb4 {[%clk 0:11:28]} 37. Rc7+
{[%clk 0:26:31]} Kd8 {[%clk 0:11:51]} 38. Qc6 {[%clk 0:25:46]} Qe1+ {[%clk
0:11:22]} 39. g3 {[%clk 0:26:11]} g5+ {[%clk 0:11:09]} 40. fxg6 {[%clk 0:26:35]}
Qe2 {[%clk 0:10:04]} 41. Qd7# {[%clk 0:26:57]} 1-0

[Event "U12 Polish Youth Championship"]
[Site "chess24.com"]
[Date "2018.04.30"]
[Round "2"]
[White "Kycia, Marek"]
[Black "Kozlowski, Michal"]
[Result "1/2-1/2"]
[Board "26"]
[WhiteElo "1460"]
[WhiteCountry "POL"]
[WhiteFideId "21863580"]
[WhiteEloChange "-4"]
[BlackElo "1327"]
[BlackCountry "POL"]
[BlackFideId "21812144"]
[BlackEloChange "4"]

1. e4 {[%clk 1:30:57]} e6 {[%clk 1:30:55]} 2. d4 {[%clk 1:31:21]} d5 {[%clk
1:31:19]} 3. Nc3 {[%clk 1:31:42]} dxe4 {[%clk 1:30:51]} 4. Nxe4 {[%clk 1:32:03]}
Nf6 {[%clk 1:31:10]} 5. Nxf6+ {[%clk 1:32:06]} Qxf6 {[%clk 1:31:31]} 6. Nf3
{[%clk 1:32:23]} h6 {[%clk 1:31:53]} 7. Bd3 {[%clk 1:32:30]} Bd6 {[%clk 1:30:43]}
8. O-O {[%clk 1:31:35]} O-O {[%clk 1:28:54]} 9. Re1 {[%clk 1:31:06]} Nc6 {[%clk
1:26:40]} 10. b3 {[%clk 1:31:01]} Rd8 {[%clk 1:13:19]} 11. Bb2 {[%clk 1:30:09]}
Qe7 {[%clk 1:07:53]} 12. Qe2 {[%clk 1:22:27]} Nb4 {[%clk 1:01:27]} 13. Bc4 {[%clk
1:21:55]} c6 {[%clk 0:55:41]} 14. Bd3 {[%clk 1:18:24]} Qc7 {[%clk 0:52:03]} 15.
c4 {[%clk 1:17:27]} b6 {[%clk 0:51:09]} 16. Bb1 {[%clk 1:16:04]} Bb7 {[%clk
0:48:02]} 17. a3 {[%clk 1:15:49]} Na6 {[%clk 0:48:21]} 18. Bd3 {[%clk 1:12:18]}
c5 {[%clk 0:46:16]} 19. b4 {[%clk 1:10:47]} Bf8 {[%clk 0:40:06]} 20. b5 {[%clk
1:08:51]} Nb8 {[%clk 0:40:10]} 21. Rad1 {[%clk 1:06:26]} Nd7 {[%clk 0:36:00]} 22.
dxc5 {[%clk 0:58:59]} Nxc5 {[%clk 0:33:18]} 23. Ne5 {[%clk 0:55:02]} Nxd3 {[%clk
0:30:49]} 24. Rxd3 {[%clk 0:55:03]} Rxd3 {[%clk 0:30:47]} 25. Qxd3 {[%clk
0:55:27]} Rd8 {[%clk 0:30:48]} 26. Qe2 {[%clk 0:54:55]} Qd6 {[%clk 0:27:57]} 27.
Bc3 {[%clk 0:54:00]} Qxa3 {[%clk 0:21:58]} 28. Qe3 {[%clk 0:50:34]} Qc5 {[%clk
0:18:59]} 29. Qf4 {[%clk 0:49:12]} Qc7 {[%clk 0:17:25]} 30. Qh4 {[%clk 0:45:22]}
Be7 {[%clk 0:14:31]} 31. Qh5 {[%clk 0:44:32]} Bf6 {[%clk 0:14:28]} 32. h3 {[%clk
0:42:30]} Bxe5 {[%clk 0:10:42]} 33. Qxe5 {[%clk 0:40:03]} Qxe5 {[%clk 0:10:56]}
34. Bxe5 {[%clk 0:40:18]} f6 {[%clk 0:10:32]} 35. Bb2 {[%clk 0:39:32]} Kf7 {[%clk
0:10:30]} 36. Ra1 {[%clk 0:38:37]} Ra8 {[%clk 0:10:51]} 37. Bd4 {[%clk 0:38:41]}
a6 {[%clk 0:10:10]} 38. Rb1 {[%clk 0:36:03]} Rb8 {[%clk 0:08:30]} 39. Bxb6 {[%clk
0:33:01]} axb5 {[%clk 0:08:48]} 40. cxb5 {[%clk 0:33:04]} Be4 {[%clk 0:08:06]}
41. Ba7 {[%clk 0:31:17]} Bxb1 {[%clk 0:08:14]} 42. Bxb8 {[%clk 0:31:40]} Be4
{[%clk 0:08:34]} 43. b6 {[%clk 0:29:48]} Ke7 {[%clk 0:08:50]} 44. g3 {[%clk
0:28:43]} Kd7 {[%clk 0:08:46]} 45. Kf1 {[%clk 0:28:34]} Kc6 {[%clk 0:08:58]} 46.
Bc7 {[%clk 0:28:58]} f5 {[%clk 0:08:48]} 47. Ke2 {[%clk 0:29:04]} g5 {[%clk
0:08:09]} 1/2-1/2

[Event "U12 Polish Youth Championship"]
[Site "chess24.com"]
[Date "2018.04.30"]
[Round "3"]
[White "Karwacki, Piotr"]
[Black "Fiszer, Bartosz"]
[Result "1/2-1/2"]
[Board "1"]
[WhiteElo "1720"]
[WhiteCountry "POL"]
[WhiteFideId "21852200"]
[WhiteEloChange "7"]
[BlackElo "2004"]
[BlackTitle "CM"]
[BlackCountry "POL"]
[BlackFideId "21810133"]
[BlackEloChange "-7"]

1. d4 {[%clk 1:30:58]} Nf6 {[%clk 1:30:50]} 2. Bf4 {[%clk 1:31:21]} g6 {[%clk
1:31:08]} 3. Nc3 {[%clk 1:31:40]} c5 {[%clk 1:30:21]} 4. dxc5 {[%clk 1:25:10]}
Bg7 {[%clk 1:30:09]} 5. e4 {[%clk 1:22:58]} Qa5 {[%clk 1:29:55]} 6. Qd2 {[%clk
1:21:48]} Qxc5 {[%clk 1:26:55]} 7. f3 {[%clk 1:18:51]} d6 {[%clk 1:25:26]} 8. Be3
{[%clk 1:16:04]} Qa5 {[%clk 1:24:06]} 9. Nb5 {[%clk 1:14:17]} Qd8 {[%clk
1:19:32]} 10. e5 {[%clk 1:13:29]} dxe5 {[%clk 1:15:06]} 11. Qxd8+ {[%clk
1:13:12]} Kxd8 {[%clk 1:15:34]} 12. Bxa7 {[%clk 1:12:54]} Nfd7 {[%clk 1:11:59]}
13. Rd1 {[%clk 1:12:14]} Na6 {[%clk 1:12:00]} 14. Bc4 {[%clk 1:10:25]} e6 {[%clk
1:09:22]} 15. Be3 {[%clk 1:01:57]} Ke7 {[%clk 1:06:27]} 16. c3 {[%clk 0:59:41]}
Nf6 {[%clk 0:58:18]} 17. Bb6 {[%clk 0:58:44]} Bd7 {[%clk 0:40:47]} 18. Nd6 {[%clk
0:55:53]} Bc6 {[%clk 0:28:40]} 19. Bxa6 {[%clk 0:55:18]} Nd7 {[%clk 0:22:07]} 20.
Ba5 {[%clk 0:49:23]} Rxa6 {[%clk 0:22:25]} 21. Bb4 {[%clk 0:49:49]} Bf8 {[%clk
0:18:53]} 22. Nxb7+ {[%clk 0:47:49]} Kf6 {[%clk 0:17:05]} 23. Na5 {[%clk
0:46:53]} Bd5 {[%clk 0:15:41]} 24. Ne2 {[%clk 0:43:00]} Nb6 {[%clk 0:12:37]} 25.
a3 {[%clk 0:41:47]} Bh6 {[%clk 0:10:09]} 26. Ng3 {[%clk 0:41:29]} Rha8 {[%clk
0:10:26]} 27. Ne4+ {[%clk 0:41:23]} Bxe4 {[%clk 0:09:56]} 28. fxe4 {[%clk
0:41:50]} Rxa5 {[%clk 0:10:13]} 29. Rf1+ {[%clk 0:41:38]} Kg7 {[%clk 0:10:26]}
30. Bxa5 {[%clk 0:42:01]} Rxa5 {[%clk 0:10:50]} 31. Rd6 {[%clk 0:41:46]} Rb5
{[%clk 0:11:01]} 32. b4 {[%clk 0:40:18]} Bc1 {[%clk 0:09:22]} 33. a4 {[%clk
0:40:05]} Nxa4 {[%clk 0:09:20]} 34. Rd7 {[%clk 0:40:31]} Nxc3 {[%clk 0:08:13]}
35. Rfxf7+ {[%clk 0:37:16]} Kh6 {[%clk 0:08:23]} 36. Rxh7+ {[%clk 0:35:00]} Kg5
{[%clk 0:08:46]} 37. Rb7 {[%clk 0:29:00]} Kf4 {[%clk 0:05:00]} 38. Rxb5 {[%clk
0:28:42]} Nxb5 {[%clk 0:05:21]} 39. Rh6 {[%clk 0:27:52]} g5 {[%clk 0:04:39]} 40.
Rxe6 {[%clk 0:27:44]} Kxe4 {[%clk 0:04:59]} 41. Kd1 {[%clk 0:27:34]} Be3 {[%clk
0:04:48]} 42. Re8 {[%clk 0:26:51]} Nd4 {[%clk 0:03:09]} 43. Rd8 {[%clk 0:26:19]}
Bg1 {[%clk 0:02:21]} 44. Rg8 {[%clk 0:26:11]} Be3 {[%clk 0:02:10]} 45. h4 {[%clk
0:25:50]} gxh4 {[%clk 0:02:00]} 46. Rg4+ {[%clk 0:26:17]} Kd3 {[%clk 0:02:19]}
47. Rxh4 {[%clk 0:26:43]} e4 {[%clk 0:01:56]} 48. Rh3 {[%clk 0:26:41]} Ne2 {[%clk
0:01:28]} 49. g4 {[%clk 0:25:52]} Nf4 {[%clk 0:01:45]} 50. Rg3 {[%clk 0:24:33]}
Kd4 {[%clk 0:01:50]} 51. g5 {[%clk 0:24:16]} Ng6 {[%clk 0:01:33]} 52. b5 {[%clk
0:24:21]} Bf4 {[%clk 0:01:28]} 53. Rg4 {[%clk 0:24:20]} Kd3 {[%clk 0:01:25]} 54.
b6 {[%clk 0:23:15]} e3 {[%clk 0:01:46]} 55. Rg2 {[%clk 0:23:39]} Be5 {[%clk
0:00:34]} 56. Ra2 {[%clk 0:23:15]} 1/2-1/2

[Event "U12 Polish Youth Championship"]
[Site "chess24.com"]
[Date "2018.04.30"]
[Round "3"]
[White "Klimkowski, Jan"]
[Black "Meers, Hubert"]
[Result "0-1"]
[Board "2"]
[WhiteElo "1836"]
[WhiteCountry "POL"]
[WhiteFideId "21856222"]
[WhiteEloChange "-13"]
[BlackElo "1737"]
[BlackCountry "POL"]
[BlackFideId "21817014"]
[BlackEloChange "13"]

1. e4 {[%clk 1:30:58]} c5 {[%clk 1:30:45]} 2. Nf3 {[%clk 1:31:20]} d6 {[%clk
1:31:00]} 3. d4 {[%clk 1:31:44]} cxd4 {[%clk 1:31:21]} 4. Nxd4 {[%clk 1:32:09]}
Nf6 {[%clk 1:31:43]} 5. Nc3 {[%clk 1:32:32]} Nc6 {[%clk 1:31:25]} 6. Be3 {[%clk
1:32:22]} Ng4 {[%clk 1:31:10]} 7. Bb5 {[%clk 1:28:23]} Nxe3 {[%clk 1:23:07]} 8.
Nxc6 {[%clk 1:27:36]} Nxd1 {[%clk 1:22:53]} 9. Nxd8+ {[%clk 1:27:46]} Kxd8 {[%clk
1:23:15]} 10. Rxd1 {[%clk 1:28:09]} e6 {[%clk 1:22:54]} 11. O-O {[%clk 1:27:24]}
Be7 {[%clk 1:19:40]} 12. Rd3 {[%clk 1:25:22]} a6 {[%clk 1:19:09]} 13. Ba4 {[%clk
1:24:47]} b5 {[%clk 1:19:08]} 14. Bb3 {[%clk 1:25:10]} Bb7 {[%clk 1:19:16]} 15.
e5 {[%clk 1:23:42]} Kc7 {[%clk 1:14:49]} 16. f4 {[%clk 1:21:11]} d5 {[%clk
1:14:19]} 17. Ne2 {[%clk 1:17:26]} g6 {[%clk 1:13:27]} 18. Nd4 {[%clk 1:16:28]}
h5 {[%clk 1:09:21]} 19. Rc1 {[%clk 1:14:07]} Kb6 {[%clk 1:09:12]} 20. g3 {[%clk
1:12:20]} Rac8 {[%clk 1:04:58]} 21. a3 {[%clk 1:07:40]} a5 {[%clk 1:02:21]} 22.
Rdd1 {[%clk 0:55:59]} Ba6 {[%clk 1:00:19]} 23. Kg2 {[%clk 0:54:37]} Rc7 {[%clk
0:58:37]} 24. h3 {[%clk 0:53:10]} Bc5 {[%clk 0:56:35]} 25. Kf3 {[%clk 0:44:04]}
Rhc8 {[%clk 0:53:26]} 26. g4 {[%clk 0:42:02]} hxg4+ {[%clk 0:52:09]} 27. hxg4
{[%clk 0:42:24]} a4 {[%clk 0:52:27]} 28. Ba2 {[%clk 0:41:03]} Bxd4 {[%clk
0:52:43]} 29. Rxd4 {[%clk 0:41:25]} Rxc2 {[%clk 0:53:07]} 30. Rb1 {[%clk
0:40:57]} Rh2 {[%clk 0:52:51]} 31. f5 {[%clk 0:40:17]} Rcc2 {[%clk 0:51:38]} 32.
f6 {[%clk 0:39:50]} Rxb2 {[%clk 0:51:08]} 33. Rxb2 {[%clk 0:40:15]} Rxb2 {[%clk
0:51:27]} 34. Bxd5 {[%clk 0:40:37]} exd5 {[%clk 0:50:43]} 35. e6 {[%clk 0:40:36]}
Rc2 {[%clk 0:51:04]} 36. e7 {[%clk 0:39:37]} Rc8 {[%clk 0:51:28]} 37. Kf4 {[%clk
0:39:24]} Bb7 {[%clk 0:51:43]} 38. Ke5 {[%clk 0:38:35]} Bc6 {[%clk 0:50:59]} 39.
g5 {[%clk 0:34:35]} Be8 {[%clk 0:43:52]} 40. Rh4 {[%clk 0:33:24]} Kc5 {[%clk
0:43:17]} 41. Rh1 {[%clk 0:33:46]} Kb6 {[%clk 0:43:10]} 42. Rh8 {[%clk 0:33:05]}
b4 {[%clk 0:42:03]} 43. axb4 {[%clk 0:30:53]} Kb5 {[%clk 0:40:56]} 44. Rh3 {[%clk
0:29:59]} Kxb4 {[%clk 0:40:34]} 45. Kxd5 {[%clk 0:30:20]} a3 {[%clk 0:39:03]} 46.
Rh4+ {[%clk 0:30:17]} Kb5 {[%clk 0:38:56]} 0-1

[Event "U12 Polish Youth Championship"]
[Site "chess24.com"]
[Date "2018.04.30"]
[Round "3"]
[White "Herwy, Jakub"]
[Black "Paprocki, Antoni"]
[Result "0-1"]
[Board "3"]
[WhiteElo "1590"]
[WhiteCountry "POL"]
[WhiteFideId "21852855"]
[WhiteEloChange "-4"]
[BlackElo "1808"]
[BlackCountry "POL"]
[BlackFideId "21833745"]
[BlackEloChange "4"]

1. e4 {[%clk 1:30:58]} c5 {[%clk 1:30:37]} 2. c4 {[%clk 1:31:24]} Nc6 {[%clk
1:30:50]} 3. Nc3 {[%clk 1:31:51]} g6 {[%clk 1:30:47]} 4. g3 {[%clk 1:32:18]} Bg7
{[%clk 1:30:58]} 5. Bg2 {[%clk 1:32:43]} e6 {[%clk 1:30:37]} 6. Nge2 {[%clk
1:33:09]} b6 {[%clk 1:30:15]} 7. O-O {[%clk 1:33:26]} Nge7 {[%clk 1:30:19]} 8. d3
{[%clk 1:33:46]} O-O {[%clk 1:30:00]} 9. Be3 {[%clk 1:33:59]} Bb7 {[%clk
1:30:03]} 10. Qd2 {[%clk 1:34:02]} d6 {[%clk 1:28:16]} 11. f4 {[%clk 1:34:25]}
Nd4 {[%clk 1:25:29]} 12. g4 {[%clk 1:29:57]} f5 {[%clk 1:17:39]} 13. h3 {[%clk
1:26:05]} Qd7 {[%clk 1:14:49]} 14. Rae1 {[%clk 1:25:07]} a6 {[%clk 1:11:00]} 15.
Ng3 {[%clk 1:24:48]} b5 {[%clk 1:09:30]} 16. g5 {[%clk 1:23:00]} d5 {[%clk
0:59:30]} 17. cxd5 {[%clk 1:19:47]} exd5 {[%clk 0:58:48]} 18. e5 {[%clk 1:20:05]}
Ne6 {[%clk 0:57:40]} 19. d4 {[%clk 1:18:06]} Rfd8 {[%clk 0:39:31]} 20. Nce2
{[%clk 1:15:26]} c4 {[%clk 0:38:41]} 21. h4 {[%clk 1:15:48]} Nc6 {[%clk 0:36:50]}
22. h5 {[%clk 1:15:55]} Bf8 {[%clk 0:36:02]} 23. Nc3 {[%clk 1:16:04]} Nb4 {[%clk
0:34:16]} 24. Bf3 {[%clk 1:13:02]} Nd3 {[%clk 0:28:50]} 25. Re2 {[%clk 1:13:25]}
Bc5 {[%clk 0:18:00]} 26. dxc5 {[%clk 1:01:11]} d4 {[%clk 0:18:17]} 27. Bxb7
{[%clk 1:01:25]} Qxb7 {[%clk 0:18:42]} 28. hxg6 {[%clk 1:01:11]} hxg6 {[%clk
0:18:50]} 29. Rh2 {[%clk 1:01:28]} dxe3 {[%clk 0:16:25]} 30. Qxe3 {[%clk
1:01:51]} Ndxc5 {[%clk 0:16:15]} 31. Rh6 {[%clk 1:01:37]} Kg7 {[%clk 0:14:52]}
32. Qf2 {[%clk 0:57:21]} Rh8 {[%clk 0:14:08]} 33. Qh2 {[%clk 0:57:43]} b4 {[%clk
0:10:46]} 34. Nd1 {[%clk 0:56:33]} Qd5 {[%clk 0:09:14]} 35. Ne3 {[%clk 0:51:39]}
Qd4 {[%clk 0:09:16]} 36. Qf2 {[%clk 0:52:03]} Raf8 {[%clk 0:05:58]} 37. Ne2
{[%clk 0:51:18]} Qxb2 {[%clk 0:05:05]} 38. Nxc4 {[%clk 0:50:51]} Qxa2 {[%clk
0:05:12]} 39. Nd6 {[%clk 0:50:45]} b3 {[%clk 0:03:32]} 40. Qh2 {[%clk 0:51:10]}
b2 {[%clk 0:02:06]} 41. Nc3 {[%clk 0:50:45]} Qb3 {[%clk 0:01:14]} 42. Nb1 {[%clk
0:51:05]} Qe3+ {[%clk 0:01:23]} 43. Kh1 {[%clk 0:51:33]} Ne4 {[%clk 0:01:07]} 44.
Nxe4 {[%clk 0:49:35]} Qxe4+ {[%clk 0:01:32]} 45. Kg1 {[%clk 0:49:59]} Qd4+ {[%clk
0:00:42]} 46. Kg2 {[%clk 0:50:06]} Rc8 {[%clk 0:00:57]} 47. Rxh8 {[%clk 0:42:40]}
Rxh8 {[%clk 0:01:20]} 48. Qg1 {[%clk 0:42:04]} Qxg1+ {[%clk 0:01:08]} 49. Kxg1
{[%clk 0:41:50]} Rc8 {[%clk 0:01:30]} 0-1

[Event "U12 Polish Youth Championship"]
[Site "chess24.com"]
[Date "2018.04.30"]
[Round "3"]
[White "Jeda, Maciej"]
[Black "Karolczuk, Iwo"]
[Result "0-1"]
[Board "4"]
[WhiteElo "1751"]
[WhiteCountry "POL"]
[WhiteFideId "21857679"]
[WhiteEloChange "-11"]
[BlackElo "1723"]
[BlackCountry "POL"]
[BlackFideId "21816972"]
[BlackEloChange "11"]

1. e4 {[%clk 1:30:58]} c5 {[%clk 1:30:39]} 2. Nf3 {[%clk 1:31:23]} e6 {[%clk
1:30:55]} 3. d4 {[%clk 1:31:48]} cxd4 {[%clk 1:31:21]} 4. Nxd4 {[%clk 1:32:14]}
a6 {[%clk 1:31:38]} 5. Nc3 {[%clk 1:32:39]} Qc7 {[%clk 1:32:00]} 6. Bd3 {[%clk
1:30:55]} Nf6 {[%clk 1:31:41]} 7. O-O {[%clk 1:30:36]} Be7 {[%clk 1:31:54]} 8.
Kh1 {[%clk 1:30:11]} d6 {[%clk 1:32:09]} 9. f4 {[%clk 1:30:08]} Nbd7 {[%clk
1:31:34]} 10. Bd2 {[%clk 1:28:33]} b5 {[%clk 1:30:27]} 11. a3 {[%clk 1:27:15]}
Bb7 {[%clk 1:30:39]} 12. Qe2 {[%clk 1:25:27]} g6 {[%clk 1:27:16]} 13. Rae1 {[%clk
1:23:29]} e5 {[%clk 1:25:26]} 14. Nf3 {[%clk 1:20:10]} Rc8 {[%clk 1:18:38]} 15.
f5 {[%clk 1:10:00]} gxf5 {[%clk 1:18:47]} 16. exf5 {[%clk 1:09:56]} Nc5 {[%clk
1:18:38]} 17. Ng5 {[%clk 1:05:26]} Qc6 {[%clk 1:16:04]} 18. Nge4 {[%clk 1:02:31]}
Ncxe4 {[%clk 1:15:30]} 19. Nxe4 {[%clk 1:01:51]} Nxe4 {[%clk 1:15:37]} 20. Bxe4
{[%clk 1:02:14]} Qxe4 {[%clk 1:15:41]} 21. Qxe4 {[%clk 1:02:38]} Bxe4 {[%clk
1:16:06]} 22. Rxe4 {[%clk 1:03:02]} Rxc2 {[%clk 1:16:15]} 23. Bc3 {[%clk
1:02:23]} f6 {[%clk 1:16:32]} 24. Rd1 {[%clk 1:01:46]} Rg8 {[%clk 1:16:15]} 25.
g3 {[%clk 1:00:25]} Rg5 {[%clk 1:15:58]} 26. a4 {[%clk 0:55:41]} Rxf5 {[%clk
1:16:04]} 27. Rd2 {[%clk 0:53:12]} Rxd2 {[%clk 1:15:58]} 28. Bxd2 {[%clk
0:53:35]} d5 {[%clk 1:16:17]} 29. Re2 {[%clk 0:51:04]} bxa4 {[%clk 1:16:08]} 30.
Kg2 {[%clk 0:51:00]} e4 {[%clk 1:15:42]} 31. Bf4 {[%clk 0:50:44]} Kd7 {[%clk
1:14:36]} 32. Rd2 {[%clk 0:47:12]} Bd6 {[%clk 1:10:16]} 33. Bh6 {[%clk 0:46:33]}
Kc6 {[%clk 1:08:44]} 34. Be3 {[%clk 0:42:20]} Rf3 {[%clk 1:03:25]} 35. Rc2+
{[%clk 0:40:35]} Kb5 {[%clk 1:02:54]} 36. Bd4 {[%clk 0:40:34]} Kb4 {[%clk
0:55:11]} 37. Rc8 {[%clk 0:39:06]} Be5 {[%clk 0:54:03]} 38. Ba7 {[%clk 0:37:49]}
Bxb2 {[%clk 0:52:39]} 39. Rb8+ {[%clk 0:38:07]} Kc3 {[%clk 0:51:16]} 40. Bd4+
{[%clk 0:37:52]} Kxd4 {[%clk 0:51:30]} 41. Rxb2 {[%clk 0:38:19]} Rb3 {[%clk
0:51:21]} 42. Ra2 {[%clk 0:38:29]} a3 {[%clk 0:51:38]} 0-1